Catálogo
 En Linea

Los 51 líderes del siglo XX / (Registro nro. 14822)

Detalles MARC
000 -CABECERA
campo de control de longitud fija 01889nam a2200253 a 4500
001 - NÚMERO DE CONTROL
campo de control 000015254
005 - FECHA Y HORA DE LA ÚLTIMA TRANSACCIÓN
campo de control 20200929164008.0
008 - DATOS DE LONGITUD FIJA--INFORMACIÓN GENERAL
campo de control de longitud fija 100203s2000 dr c 000 0 spa d
020 ## - NÚMERO INTERNACIONAL ESTÁNDAR DEL LIBRO
Número Internacional Estándar del Libro 9993401617
040 ## - FUENTE DE LA CATALOGACIÓN
Centro catalogador/agencia de origen DO-SdBNP
Lengua de catalogación spa
Centro/agencia transcriptor BNPHU
082 ## - NÚMERO DE LA CLASIFICACIÓN DECIMAL DEWEY
Número de clasificación 923.2
Número de documento/Ítem L579L
100 1# - ENTRADA PRINCIPAL--NOMBRE DE PERSONA
Nombre de persona León Miranda, Leonardo de,
Fechas asociadas al nombre 1970-
9 (RLIN) 34511
245 14 - MENCIÓN DE TÍTULO
Título Los 51 líderes del siglo XX /
Mención de responsabilidad, etc. Leonardo de León Miranda.
246 13 - FORMA VARIANTE DE TÍTULO
Título propio/Titulo breve Cincuenta y uno líderes del siglo veinte
260 ## - PUBLICACIÓN, DISTRIBUCIÓN, ETC.
Lugar de publicación, distribución, etc. Santo Domingo :
Nombre del editor, distribuidor, etc. Corripio,
Fecha de publicación, distribución, etc. 2000.
300 ## - DESCRIPCIÓN FÍSICA
Extensión 337 p.
-- retrs. ;
Dimensiones 23 cm.
500 ## - NOTA GENERAL
Nota general Incluye datos biográficos del autor en la contracubierta
505 0# - NOTA DE CONTENIDO CON FORMATO
Nota de contenido con formato Theodore Toosevelt -- Nicolás Tomanov -- Vladimir Ilitch Ulianov (Lenin) -- Woodrow Wilson -- José Stalin -- Herbet Hoover -- Franlin Delano Roosevelt -- Adolfo Hitler -- Hermann Goering -- Josef Goebbels -- winston Churchill -- Benito Mussolini -- Hitohito -- Charles de Gaulle -- Harry S. Truman -- George Marshall -- Dwight David Eisenhower -- Konrad Adenauer -- Francisco Franco -- Eva Perón -- Rafael Leónidas Trujillo Molina -- Mahatma Gandhi -- Mao Tse Tung -- Chang Kai Chek -- Fidel Castro -- El Che Guevara -- La disnatía de los Kennedy -- John F. Kennedy -- Nikita Sergeyevich Kruschev -- Martin Luther King -- Lyndon B. Johnson -- Robert Kennedy -- Ho Chi Minh -- Josip Broz (Tito) -- Richard Nixon -- Henry Kissinger -- Gerald Ford -- Jimmy Carter -- Sha de Irán Ayatollah Khomeini -- Tonald Teagan -- Nicolae Ceausescu -- Nelson Mandela -- Mikhail Gorbachev -- Boris Yeltsin -- George Bush -- Saddam Hussein -- Bill Clinton -- Yasser Arafat -- Juan Pablo II -- Pol Pot -- Yitzhak Rabin.
650 #4 - PUNTO DE ACCESO ADICIONAL DE MATERIA--TÉRMINO DE MATERIA
Término de materia o nombre geográfico como elemento de entrada Estadístas
Subdivisión de forma BIOGRAFÍAS
9 (RLIN) 34512
650 #4 - PUNTO DE ACCESO ADICIONAL DE MATERIA--TÉRMINO DE MATERIA
Término de materia o nombre geográfico como elemento de entrada Jefes de estado
Subdivisión de forma BIOGRAFÍAS
9 (RLIN) 34513
650 #4 - PUNTO DE ACCESO ADICIONAL DE MATERIA--TÉRMINO DE MATERIA
Término de materia o nombre geográfico como elemento de entrada Política internacional
Subdivisión cronológica SIGLO XX
9 (RLIN) 2253
650 #4 - PUNTO DE ACCESO ADICIONAL DE MATERIA--TÉRMINO DE MATERIA
Término de materia o nombre geográfico como elemento de entrada Liderazgo político
Subdivisión cronológica SIGLO XX
9 (RLIN) 34514
910 ## - DATOS DE OPCIÓN DEL USUARIO (OCLC)
Datos de opción del usuario Validado. Control de calidad MFF
Existencias
Estado de retiro Estado de pérdida Restricciones de uso No para préstamo Código de colección Localización permanente Ubicación/localización actual Ubicación en estantería Fecha de adquisición Número de inventario Total de préstamos Signatura topográfica completa Código de barras Fecha visto por última vez Precio válido a partir de Tipo de ítem Koha Número de copia
        Patrimonio Dominicano General General Depósito 03.02.2010 LF1   923.2 L579L 15254-10 25.06.2020 25.06.2020 Libro y Folleto Colección Patrimonio Dominicano  
      Excluido de préstamo Patrimonio Dominicano General General Depósito 06.05.2014 LF1   923.2 L579L 15254-30 25.06.2020 25.06.2020 Libro y Folleto Colección Patrimonio Dominicano e. 2
        Dominicana de Servicio General General Depósito 29.03.2017 LF1   923.2 L579L 15254-40 25.06.2020 25.06.2020 Libro y Folleto Colección Dominicana de Servicio e. 3

Con tecnología Koha